Stardew Valley Characters - Statistics

General Stats
  • This quiz has been taken 148 times
    110 since last reset
  • The average score is 33 of 46
Answer Stats
Answer % Correct
Robin
94%
Sebastian
90%
Abigail
89%
Emily
88%
Krobus
88%
Marnie
88%
Penny
88%
Pierre
88%
Shane
88%
Haley
86%
Maru
86%
Sam
86%
Sandy
86%
Leah
85%
Linus
85%
Alex
84%
Demetrius
84%
Willy
84%
Clint
83%
Harvey
83%
Lewis
83%
Dwarf
81%
Gus
81%
Pam
81%
Wizard
81%
Caroline
80%
Jas
80%
Jodi
80%
Vincent
80%
Elliott
79%
George
77%
Kent
77%
Evelyn
75%
Mr. Qi
72%
Gunther
69%
Grandpa
67%
Leo
60%
Morris
57%
Marlon
52%
Gil
41%
Bouncer
33%
Birdie
31%
Henchman
22%
Professor Snail
20%
Governor
16%
Fizz
11%
No matching quizzes found
Score Distribution
Percent of People with Each Score
Percentile by Number Answered
Your Score History
You have not taken this quiz since the last reset